Statistiques concernant Quiz Départements Île-de-France

Cliquez ici pour prendre le quiz!

Statistiques générales

  • Ce quiz a été pris 93 fois
  • Le résultat moyen est 5 sur 8

Statistiques - réponses

QuestionRéponse% Correct
Ville, Département 75 et Capitale de la France.Paris
99%
Ville dans les Seine-Saint-Denis et a La RéunionSaint-Denis
94%
Nom d'un pont d'un chef d'état Africain dans le Val-de-MarneNelson Mandela
73%
Parc d'un Pays miniature a Élancourt dans les YvelinesFrance
69%
Musée situe a Meaux en Seine-et-MarneMusée de la grande-guerre
60%
Tombe Célèbre d'un chanteur à Dannemois dans l'EssonneClaude François
51%
Stade mythique de Colombes dans les Hauts-de-SeineStade olympique Yves-du-Manoir
40%
Musée situé a Louvres Val-d'OiseArchéa
27%

Distribution des résultats

Percentile par nombre de réponses

% des personnes avec chaque résultat

Votre développement - résultats

Vous n’avez pas pris ce quiz